Les 8 clubs avec le plus de ligue des champions remportés. - Statistiques

Statistiques générales
  • Ce quiz a été pris 535 fois
  • Le résultat moyen est 8 sur 8
Statistiques - réponses
Nombre de
ligue des champions
remportés
Pays Club % Correct
14 Espagne Real Madrid
99%
5 Espagne FC Barcelone
98%
7 Italie Milan AC
98%
6 Allemagne Bayern Munich
97%
6 Angleterre Liverpool FC
96%
3 Angleterre Manchester United
96%
4 Pays Bas Ajax Amsterdam
95%
3 Italie Inter de Milan
93%
Aucun quiz correspondant
Distribution des résultats
% des personnes avec chaque résultat
Percentile par nombre de réponses
Votre historique - résultats
Vous n’avez pas pris ce quiz